| 000 | 00531nam a2200181Ia 4500 | ||
|---|---|---|---|
| 999 |
_c5123 _d5123 |
||
| 020 | _a81-7075-081-4 | ||
| 082 | _a304.60727 BIO- | ||
| 245 | 0 | _aBiostatistical aspects of health and population | |
| 260 |
_aNew Delhi _bHindustan Publishing Corporation _c2006 |
||
| 300 | _axxiii, 345 | ||
| 504 | _aincludes appendix | ||
| 650 |
_aBiometry _vResearch _zIndia |
||
| 650 |
_aEpidemiology _vResearch _zIndia |
||
| 650 |
_aHealth care _vResearch _zIndia |
||
| 650 |
_aPopulation research _zIndia |
||
| 700 | _aPandey, Arvind | ||
| 942 | _cBK | ||